[Event "4NCL Hull GM 2021"]
[Site "Hull"]
[Date "2021.10.23"]
[Round "7.5"]
[White "Jackson, James P"]
[Black "Clarke, Brandon G I"]
[Result "0-1"]
[WhiteElo "2386"]
[BlackElo "2442"]
[Annotator "TA"]
[PlyCount "112"]
[EventDate "2021.10.20"]
[EventType "tourn"]
[EventCountry "ENG"]
[SourceTitle "playchess.com"]
[Source "ChessBase"]
[SourceQuality "1"]

{[%evp 15,112,22,20,-48,-53,-94,-94,-97,-91,-103,-106,-111,-108,-106,-106,-91,-97,-87,-34,-35,-30,-56,-59,-144,-124,-112,-111,-120,-124,-119,-118,-117,-112,-114,-106,-100,-82,-80,-80,-74,-57,-90,-58,-84,-37,-29,-37,-151,-141,-345,-191,-191,-184,-193,-193,-221,-122,-102,-128,-206,-195,-247,-257,-206,-210,-206,-98,-210,-206,-199,-193,-332,-152,-147,-154,-350,-347,-347,-347,-483,-508,-477,-493,-726,-770,-725,-698,-768,-706,-1078,-1010,-1570,-1486,-2128,-1835,-4914,-5195,-2523,-2322]} 1. e4 c5 2. Nf3 d6 3. d4 cxd4 4. Nxd4 Nf6 5. Nc3 a6 6. f3 e5 7. Nb3 Be7 8. Be3 Be6 9. g4 {B90: Sicilian Najdorf: Unusual White 6th moves, 6 Be3 Ng4 and 6 Be3 e5.} (9. Qd2 $11) 9... d5 $1 $15 {[%cal Rd5d4]} 10. g5 {[#]} d4 $1 {[%mdl 64] White must now prevent ...Nh5. Double Attack} 11. gxf6 {Black is better.} Bxf6 12. Bf2 dxc3 13. Qxd8+ Bxd8 14. bxc3 Nd7 $1 15. Nc5 Ba5 16. Nxe6 {[#]} fxe6 $146 (16... Bxc3+ $17 17. Ke2 fxe6) ({Predecessor:} 16... Bxc3+ 17. Ke2 fxe6 18. Rb1 b5 19. Bh3 Kf7 20. Rhd1 Nf6 21. Bh4 Rhd8 22. Bxf6 Kxf6 23. Rxd8 Rxd8 {½-½ (41) Leniart,A (2324)-Womacka,M (2445) Gausdal 2008}) 17. O-O-O Rf8 18. Rd3 Rc8 19. Kb2 {[#]} (19. c4 $15) 19... Rxc3 $1 {[%mdl 512]} 20. Be2 Rxd3 21. cxd3 Bb6 22. Bxb6 Nxb6 $17 {[%mdl 4096] Endgame KRB-KRN} 23. Kc2 {and if Rb1 works, White does fine.} Nc8 24. Rg1 Kf7 25. Kd2 Nd6 26. a4 Rc8 27. h4 Kf6 28. Rb1 Rc6 29. Ke3 Rc2 30. Rb6 Ke7 31. Bd1 {[#]} ({White should try} 31. d4 $1 $15 exd4+ 32. Kd3) 31... Rh2 $1 32. f4 $2 (32. Bb3 $17) 32... exf4+ (32... Rxh4 $142 33. Bf3 exf4+ 34. Kd4 g5) 33. Kxf4 $19 Rxh4+ 34. Kg3 Rh1 35. Bf3 {[#]} Ra1 (35... Rg1+ $1 $19 36. Kf4 g5+ 37. Ke3 e5) 36. e5 $17 Nf5+ 37. Kf2 (37. Kh3 $17) 37... Ra2+ $19 38. Ke1 (38. Kg1 $142) 38... Rxa4 39. Rxb7+ Kf8 40. Be4 Ne7 (40... h5 $19 {and Black stays clearly on top. Strongly threatening ...Ra5.} 41. Kf2 a5) 41. Kd2 (41. Rb6 $17 {was worth a try.}) 41... h5 42. Ke3 a5 {[%cal Ba6a5,Ba5a4,Ba4a3][%mdl 32]} 43. d4 (43. Kf4 $142) 43... Rb4 (43... h4 $19 {is more deadly. And now ...Rb4 would win.} 44. Rb2 h3 45. Rb8+ Kf7) 44. Ra7 $17 a4 {Hoping for ...h4.} 45. Kd3 $2 (45. Ra8+ $17 {might work better.} Kf7 46. Ra7) 45... h4 $19 46. Kc3 Rb3+ 47. Kc4 Re3 {Black is clearly winning.} 48. Bh1 a3 49. Kc5 (49. Ra8+ $142 Kf7 50. Ra7) 49... Rc3+ 50. Kb4 Rh3 51. Ba8 g5 52. Bb7 g4 53. Kc5 Rb3 54. d5 exd5 55. Bxd5 Nxd5 56. Kxd5 h3 {Weighted Error Value: White=0.67/Black=0.18} 0-1

[Event "4NCL Hull GM 2021"]
[Site "Hull"]
[Date "2021.10.24"]
[Round "8.1"]
[White "Willow, Jonah B"]
[Black "Clarke, Brandon G I"]
[Result "1-0"]
[WhiteElo "2353"]
[BlackElo "2442"]
[Annotator "ChessBase"]
[PlyCount "77"]
[EventDate "2021.10.20"]
[EventType "tourn"]
[EventCountry "ENG"]
[SourceTitle "playchess.com"]
[Source "ChessBase"]
[SourceQuality "1"]
[TimeControl "5400+30"]

1. e4 {[%emt 0:00:01]} d5 {[%emt 0:11:44]} 2. exd5 {[%emt 0:00:26]} Qxd5 {[%emt 0:00:10]} 3. Nc3 {[%emt 0:00:19]} Qd6 {[%emt 0:00:08]} 4. d4 {[%emt 0:00:45]} Nf6 {[%emt 0:00:16]} 5. Nf3 {[%emt 0:02:31]} c6 {[%emt 0:00:14]} 6. Ne5 {[%emt 0:03:13]} Nbd7 {[%emt 0:00:27]} 7. Nc4 {[%emt 0:02:23]} Qc7 {[%emt 0:00:29]} 8. Qf3 {[%emt 0:02:12]} Nb6 {[%emt 0:00:36]} 9. Ne5 {[%emt 0:03:41]} e6 {[%emt 0:15:34]} 10. Bd3 {[%emt 0:25:48]} Nbd7 {[%emt 0:10:08]} 11. Nc4 {[%emt 0:03:32]} Nb6 {[%emt 0:05:22]} 12. Bf4 {[%emt 0:02:52]} Qd8 {[%emt 0:00:22]} 13. O-O-O {[%emt 0:02:01]} Nxc4 {[%emt 0:00:24]} 14. Bxc4 {[%emt 0:00:08]} Be7 {[%emt 0:04:40]} 15. Be5 {[%emt 0:01:46]} a5 {[%emt 0:01:38]} 16. g4 {[%emt 0:01:58]} O-O {[%emt 0:01:59]} 17. Rhg1 {[%emt 0:10:12]} Nd5 {[%emt 0:02:59]} 18. Nxd5 {[%emt 0:06:05]} exd5 {[%emt 0:05:53]} 19. Bd3 {[%emt 0:00:14]} Bd6 {[%emt 0:11:14]} 20. g5 {[%emt 0:02:50]} Bxe5 {[%emt 0:01:01]} 21. dxe5 {[%emt 0:00:11]} Qe7 {[%emt 0:00:39]} 22. Qg3 {[%emt 0:07:52]} a4 {[%emt 0:01:46]} 23. a3 {[%emt 0:01:25]} b5 {[%emt 0:00:04]} 24. c3 {[%emt 0:00:47]} Rb8 {[%emt 0:03:35]} 25. Bc2 {[%emt 0:01:47]} Rd8 {[%emt 0:01:24]} 26. Rd4 {[%emt 0:01:27]} g6 {[%emt 0:02:45]} 27. Rh4 {[%emt 0:01:04]} c5 {[%emt 0:02:39]} 28. Rh6 {[%emt 0:00:33]} b4 {[%emt 0:10:46]} 29. e6 {[%emt 0:00:37]} Bxe6 {[%emt 0:00:53]} 30. Qh4 {[%emt 0:00:01]} Qd6 {[%emt 0:01:25]} 31. Re1 {[%emt 0:02:10]} Kf8 {[%emt 0:03:38]} 32. Rxh7 {[%emt 0:00:05]} bxc3 {[%emt 0:01:02]} 33. Qh6+ {[%emt 0:00:44]} Ke8 {[%emt 0:00:19]} 34. Rxf7 {[%emt 0:00:40]} Kxf7 {[%emt 0:00:41]} 35. Bxg6+ {[%emt 0:00:16]} Kg8 {[%emt 0:00:14]} 36. Bh7+ {[%emt 0:00:03]} Kf7 {[%emt 0:00:29]} 37. Bg6+ {[%emt 0:00:23]} Kg8 {[%emt 0:00:13]} 38. Qh7+ {[%emt 0:00:16]} Kf8 {[%emt 0:00:07]} 39. Qh8+ {[%emt 0:00:03]} 1-0

[Event "4NCL Hull GM 2021"]
[Site "Hull"]
[Date "2021.10.24"]
[Round "8.2"]
[White "Murphy, Conor E"]
[Black "Jackson, James P"]
[Result "0-1"]
[WhiteElo "2428"]
[BlackElo "2386"]
[Annotator "ChessBase"]
[PlyCount "96"]
[EventDate "2021.10.20"]
[EventType "tourn"]
[EventCountry "ENG"]
[SourceTitle "playchess.com"]
[Source "ChessBase"]
[SourceQuality "1"]
[TimeControl "5400+30"]

1. c4 {[%emt 0:10:18]} Nf6 {[%emt 0:00:51]} 2. Nc3 {[%emt 0:00:15]} c5 {[%emt 0:04:11]} 3. g3 {[%emt 0:00:44]} e6 {[%emt 0:00:13]} 4. Nf3 {[%emt 0:01:41]} b6 {[%emt 0:00:20]} 5. Bg2 {[%emt 0:01:24]} Bb7 {[%emt 0:00:05]} 6. O-O {[%emt 0:00:14]} d6 {[%emt 0:02:19]} 7. d4 {[%emt 0:04:13]} cxd4 {[%emt 0:00:07]} 8. Qxd4 {[%emt 0:00:06]} a6 {[%emt 0:00:18]} 9. b3 {[%emt 0:01:24]} Qc7 {[%emt 0:07:25]} 10. Bb2 {[%emt 0:03:18]} Nbd7 {[%emt 0:00:50]} 11. Rac1 {[%emt 0:03:14]} Be7 {[%emt 0:01:25]} 12. Rfd1 {[%emt 0:01:03]} O-O {[%emt 0:01:42]} 13. Ne1 {[%emt 0:08:39]} Bxg2 {[%emt 0:06:44]} 14. Nxg2 {[%emt 0:00:30]} Qb7 {[%emt 0:00:04]} 15. Rb1 {[%emt 0:14:07]} b5 {[%emt 0:12:54]} 16. cxb5 {[%emt 0:04:06]} axb5 {[%emt 0:00:05]} 17. a4 {[%emt 0:00:20]} b4 {[%emt 0:09:41]} 18. Nb5 {[%emt 0:01:46]} d5 {[%emt 0:00:04]} 19. Rdc1 {[%emt 0:06:07]} Rfc8 {[%emt 0:03:51]} 20. Ne3 {[%emt 0:04:16]} Bf8 {[%emt 0:01:06]} 21. Ng4 {[%emt 0:01:10]} Nxg4 {[%emt 0:06:40]} 22. Qxg4 {[%emt 0:01:41]} e5 {[%emt 0:01:12]} 23. e3 {[%emt 0:06:42]} Rxc1+ {[%emt 0:17:35]} 24. Rxc1 {[%emt 0:01:06]} Rc8 {[%emt 0:00:05]} 25. Rxc8 {[%emt 0:02:36]} Qxc8 {[%emt 0:00:46]} 26. Qf5 {[%emt 0:00:55]} g6 {[%emt 0:00:42]} 27. Qd3 {[%emt 0:01:18]} Qc6 {[%emt 0:01:53]} 28. f4 {[%emt 0:03:09]} f6 {[%emt 0:00:14]} 29. Kf1 {[%emt 0:05:21]} Kg7 {[%emt 0:01:45]} 30. Kg1 {[%emt 0:00:52]} Kf7 {[%emt 0:03:13]} 31. h4 {[%emt 0:02:06]} Bc5 {[%emt 0:03:35]} 32. h5 {[%emt 0:03:34]} Bb6 {[%emt 0:00:26]} 33. hxg6+ {[%emt 0:03:12]} hxg6 {[%emt 0:00:06]} 34. fxe5 {[%emt 0:02:50]} fxe5 {[%emt 0:00:06]} 35. Kh2 {[%emt 0:00:23]} Nf6 {[%emt 0:02:16]} 36. Qe2 {[%emt 0:02:07]} Qe6 {[%emt 0:00:48]} 37. Kg2 {[%emt 0:00:18]} Ng4 {[%emt 0:04:28]} 38. Bc1 {[%emt 0:00:26]} Nf6 {[%emt 0:00:54]} 39. Bd2 {[%emt 0:00:15]} Bc5 {[%emt 0:01:02]} 40. Qf3 {[%emt 0:00:51]} Ke7 {[%emt 0:01:06]} 41. Nc7 {[%emt 0:00:28]} Qc6 {[%emt 0:00:29]} 42. Nb5 {[%emt 0:00:10]} Ne4 {[%emt 0:00:38]} 43. Be1 {[%emt 0:00:14]} Ng5 {[%emt 0:00:35]} 44. Qg4 {[%emt 0:01:33]} Bxe3 {[%emt 0:01:04]} 45. Bxb4+ {[%emt 0:00:12]} Kf6 {[%emt 0:00:50]} 46. Kf1 {[%emt 0:01:06]} d4 {[%emt 0:02:26]} 47. Nd6 {[%emt 0:00:39]} d3 {[%emt 0:02:08]} 48. Qh4 {[%emt 0:00:59]} Qf3+ {[%emt 0:00:11]} 0-1

[Event "4NCL Hull GM 2021"]
[Site "Hull"]
[Date "2021.10.24"]
[Round "8.3"]
[White "Wadsworth, Matthew J"]
[Black "Fodor, Tamas Jr."]
[Result "0-1"]
[WhiteElo "2425"]
[BlackElo "2524"]
[Annotator "TA"]
[PlyCount "96"]
[EventDate "2021.10.20"]
[EventType "tourn"]
[EventCountry "ENG"]
[SourceTitle "playchess.com"]
[Source "ChessBase"]
[SourceQuality "1"]

{[%evp 9,96,20,29,32,35,35,14,16,8,0,0,0,4,0,0,0,8,0,0,0,0,0,0,0,0,-35,-33,-18,-36,-35,-35,-33,-33,-33,-33,-35,-25,-88,-81,-77,-63,-63,-59,-165,-171,-158,-141,-143,-65,-208,-208,-208,-208,-219,-10,-10,-11,-233,-223,-224,-249,-210,-249,-246,-165,-220,-217,-220,-177,-328,-335,-588,-584,-580,-420,-420,-405,-405,-390,-624,-615,-4108,-2006,-1564,-1508,-1178,-1026,-29969,-29970]} 1. c4 e5 2. g3 Nc6 3. Nc3 Bc5 4. Bg2 d6 5. e3 a6 6. Nge2 {A25: English Opening vs King's Indian with ...Nc6 but without early d3.} Ba7 7. b3 h5 8. Bb2 {The position is equal.} h4 9. d4 Bf5 10. Qd2 Qd7 11. O-O-O O-O-O 12. Bxc6 Qxc6 13. dxe5 hxg3 14. Nxg3 Bg4 15. Nd5 Bxd1 16. Rxd1 Rxh2 {[#]} 17. Nf5 $146 ({Predecessor:} 17. Ne4 Kb8 18. exd6 cxd6 19. Bxg7 Rg2 20. Bc3 f5 21. Ng3 Nh6 22. Qe2 Ng4 23. Nxf5 {½-½ (38) Gramstad,R (2432)-Cruzado Duenas,C (2601) ICCF email 2014}) 17... Qd7 18. exd6 cxd6 ({Don't blunder} 18... Qxf5 $2 19. Ne7+ Nxe7 20. dxe7 $18) 19. Qa5 {Threatening Bd4.} Rxf2 20. e4 {[#]} Rxb2 $1 21. Kxb2 g6 22. Nd4 Kb8 23. Nb4 (23. Nf3 $11 {keeps the balance.}) 23... Ne7 $17 24. Qg5 Re8 25. Qf6 Nc8 $36 {[%mdl 2048] Black has good play.} 26. e5 (26. Ndc2 $15) 26... a5 $19 ({Inferior is} 26... Rxe5 27. Ndc6+ $1 {[%mdl 512]} bxc6 28. Qxe5 $3 $16 {[%mdl 512]}) 27. Nd5 Rxe5 {And now ...Qg4 would win.} 28. Nc2 g5 (28... Rf5 $17 29. Qc3 a4) 29. Rh1 ({Better is} 29. Rf1 $15) 29... g4 30. Rh8 Re8 31. Rh7 Rg8 $2 ({Black should play} 31... Re2 $19 32. Rxf7 Qe8) 32. Rxf7 $11 Qe8 {Strongly threatening ...g3.} 33. Ne7 $2 {[#] White is now going downhill.} (33. Qf5 $1 $11 Qe5+ 34. Qxe5 dxe5 35. Nf6) 33... Nxe7 $1 $19 34. Qxd6+ Ka8 35. Rxe7 Qc6 36. Qxc6 bxc6 {[%mdl 4096] Endgame KRB-KRN} 37. Re2 g3 {White must now prevent ...g2.} 38. Ne1 Bf2 39. Ng2 $2 {[#]} (39. Nf3) 39... Rh8 $1 40. Ka3 $2 (40. Kc3 {might work better.}) 40... Rh2 41. Ne3 Kb7 42. b4 {[#]} g2 $1 43. Nxg2 Rxg2 {KRB-KR} 44. Rb2 (44. Re7+ $142 Kb6 45. Re5 axb4+ 46. Kxb4) 44... axb4+ 45. Rxb4+ Kc7 (45... Kc8 $142 46. Rb1 Bc5+ 47. Kb3 Rg3+ 48. Kc2 Bd4) 46. Ra4 Bc5+ 47. Kb3 Rg3+ 48. Kc2 Ra3 {Weighted Error Value: White=0.62/Black=0.26} 0-1

[Event "4NCL Hull GM 2021"]
[Site "Hull"]
[Date "2021.10.24"]
[Round "8.4"]
[White "Davies, Nigel R"]
[Black "Royal, Shreyas"]
[Result "0-1"]
[WhiteElo "2475"]
[BlackElo "2226"]
[Annotator "ChessBase"]
[PlyCount "84"]
[EventDate "2021.10.20"]
[EventType "tourn"]
[EventCountry "ENG"]
[SourceTitle "playchess.com"]
[Source "ChessBase"]
[SourceQuality "1"]
[TimeControl "5400+30"]

1. Nf3 {[%emt 0:00:12]} Nf6 {[%emt 0:00:06]} 2. g3 {[%emt 0:00:05]} d5 {[%emt 0:00:07]} 3. Bg2 {[%emt 0:00:05]} e6 {[%emt 0:00:12]} 4. O-O {[%emt 0:00:07]} Be7 {[%emt 0:00:08]} 5. d3 {[%emt 0:00:10]} O-O {[%emt 0:00:21]} 6. Nbd2 {[%emt 0:00:04]} c5 {[%emt 0:00:35]} 7. e4 {[%emt 0:00:06]} Nc6 {[%emt 0:00:05]} 8. Re1 {[%emt 0:00:06]} b5 {[%emt 0:00:15]} 9. Nf1 {[%emt 0:03:57]} a5 {[%emt 0:04:36]} 10. exd5 {[%emt 0:00:52]} exd5 {[%emt 0:02:28]} 11. c3 {[%emt 0:09:31]} h6 {[%emt 0:10:52]} 12. d4 {[%emt 0:06:12]} c4 {[%emt 0:00:15]} 13. Ne5 {[%emt 0:01:20]} Ra6 {[%emt 0:03:44]} 14. Ne3 {[%emt 0:07:19]} Re8 {[%emt 0:09:45]} 15. a4 {[%emt 0:02:02]} Na7 {[%emt 0:00:37]} 16. axb5 {[%emt 0:01:40]} Nxb5 {[%emt 0:00:07]} 17. Qa4 {[%emt 0:09:41]} Nc7 {[%emt 0:01:34]} 18. Bd2 {[%emt 0:02:45]} Bd6 {[%emt 0:04:49]} 19. f4 {[%emt 0:00:47]} Be6 {[%emt 0:00:50]} 20. Qc2 {[%emt 0:00:37]} Qc8 {[%emt 0:07:09]} 21. Re2 {[%emt 0:00:35]} Ng4 {[%emt 0:02:18]} 22. N5xg4 {[%emt 0:03:00]} Bxg4 {[%emt 0:01:40]} 23. Rf2 {[%emt 0:00:05]} Bh3 {[%emt 0:02:33]} 24. Bf3 {[%emt 0:02:40]} Bd7 {[%emt 0:14:49]} 25. Nxd5 {[%emt 0:00:38]} Nxd5 {[%emt 0:00:15]} 26. Bxd5 {[%emt 0:00:07]} a4 {[%emt 0:00:17]} 27. Re1 {[%emt 0:02:46]} Rxe1+ {[%emt 0:11:43]} 28. Bxe1 {[%emt 0:00:06]} Ra5 {[%emt 0:00:03]} 29. Be4 {[%emt 0:00:39]} a3 {[%emt 0:01:02]} 30. bxa3 {[%emt 0:00:16]} Rxa3 {[%emt 0:00:05]} 31. f5 {[%emt 0:06:08]} Ra1 {[%emt 0:01:05]} 32. Rf1 {[%emt 0:02:07]} Be7 {[%emt 0:00:55]} 33. Qe2 {[%emt 0:02:54]} Bg5 {[%emt 0:01:41]} 34. h4 {[%emt 0:04:09]} Bf6 {[%emt 0:00:10]} 35. Qf3 {[%emt 0:06:16]} Ra2 {[%emt 0:02:34]} 36. Bf2 {[%emt 0:02:18]} Qa6 {[%emt 0:00:51]} 37. Rb1 {[%emt 0:00:53]} Qa3 {[%emt 0:00:58]} 38. Rb8+ {[%emt 0:13:49]} Kh7 {[%emt 0:00:06]} 39. Bd5 {[%emt 0:01:12]} Qc1+ {[%emt 0:02:51]} 40. Kg2 {[%emt 0:00:06]} Qc2 {[%emt 0:00:31]} 41. Bxf7 {[%emt 0:02:19]} Qxf5 {[%emt 0:00:45]} 42. h5 {[%emt 0:01:07]} Qh3+ {[%emt 0:00:30]} 0-1

[Event "4NCL Hull GM 2021"]
[Site "Hull"]
[Date "2021.10.24"]
[Round "8.5"]
[White "Czopor, Maciej"]
[Black "Turner, Matthew J"]
[Result "0-1"]
[WhiteElo "2411"]
[BlackElo "2471"]
[Annotator "ChessBase"]
[PlyCount "78"]
[EventDate "2021.10.20"]
[EventType "tourn"]
[EventCountry "ENG"]
[SourceTitle "playchess.com"]
[Source "ChessBase"]
[SourceQuality "1"]
[TimeControl "5400+30"]

1. e4 {[%emt 0:00:04]} e5 {[%emt 0:00:23]} 2. Nf3 {[%emt 0:00:05]} Nc6 {[%emt 0:00:03]} 3. Bb5 {[%emt 0:00:36]} Nf6 {[%emt 0:01:05]} 4. d3 {[%emt 0:00:49]} Bc5 {[%emt 0:00:57]} 5. O-O {[%emt 0:00:17]} d6 {[%emt 0:02:33]} 6. c3 {[%emt 0:01:14]} O-O {[%emt 0:00:56]} 7. h3 {[%emt 0:02:12]} Bb6 {[%emt 0:00:55]} 8. Ba4 {[%emt 0:02:28]} Ne7 {[%emt 0:01:33]} 9. Nbd2 {[%emt 0:00:41]} Ng6 {[%emt 0:00:30]} 10. Nc4 {[%emt 0:00:29]} h6 {[%emt 0:02:05]} 11. Re1 {[%emt 0:02:33]} Be6 {[%emt 0:08:27]} 12. Nxb6 {[%emt 0:03:01]} axb6 {[%emt 0:00:10]} 13. Bc2 {[%emt 0:08:13]} Nh7 {[%emt 0:04:10]} 14. d4 {[%emt 0:01:42]} Qf6 {[%emt 0:02:23]} 15. Be3 {[%emt 0:04:52]} Ng5 {[%emt 0:06:33]} 16. Nxg5 {[%emt 0:00:27]} hxg5 {[%emt 0:00:04]} 17. d5 {[%emt 0:22:25]} Bd7 {[%emt 0:00:34]} 18. g3 {[%emt 0:00:58]} Nf4 {[%emt 0:02:25]} 19. gxf4 {[%emt 0:00:46]} gxf4 {[%emt 0:00:06]} 20. Bd2 {[%emt 0:02:17]} Qh4 {[%emt 0:05:59]} 21. Qe2 {[%emt 0:06:04]} g5 {[%emt 0:03:27]} 22. f3 {[%emt 0:00:39]} Kg7 {[%emt 0:00:41]} 23. Qf2 {[%emt 0:05:07]} Qxh3 {[%emt 0:00:35]} 24. Qg2 {[%emt 0:07:19]} Rh8 {[%emt 0:05:45]} 25. Kf2 {[%emt 0:06:37]} g4 {[%emt 0:11:02]} 26. fxg4 {[%emt 0:01:31]} Qh4+ {[%emt 0:04:10]} 27. Kf3 {[%emt 0:00:18]} Qh3+ {[%emt 0:00:17]} 28. Kf2 {[%emt 0:01:34]} Qh4+ {[%emt 0:00:50]} 29. Ke2 {[%emt 0:03:52]} Qh2 {[%emt 0:06:36]} 30. Rg1 {[%emt 0:02:52]} Rh3 {[%emt 0:02:42]} 31. Kd1 {[%emt 0:04:01]} Qxg2 {[%emt 0:03:12]} 32. Rxg2 {[%emt 0:00:05]} Rah8 {[%emt 0:00:24]} 33. Rg1 {[%emt 0:05:05]} Rh1 {[%emt 0:02:23]} 34. Ke2 {[%emt 0:01:32]} R8h2+ {[%emt 0:00:36]} 35. Kd3 {[%emt 0:00:11]} Bb5+ {[%emt 0:00:45]} 36. c4 {[%emt 0:00:07]} Rh3+ {[%emt 0:00:11]} 37. Ke2 {[%emt 0:00:11]} Bxc4+ {[%emt 0:03:25]} 38. Kf2 {[%emt 0:00:06]} R3h2+ {[%emt 0:00:16]} 39. Kf3 {[%emt 0:00:41]} Be2# {[%emt 0:00:13]} 0-1

[Event "4NCL Hull GM 2021"]
[Site "Hull"]
[Date "2021.10.31"]
[Round "9.1"]
[White "Turner, Matthew J"]
[Black "Willow, Jonah B"]
[Result "1-0"]
[WhiteElo "2471"]
[BlackElo "2353"]
[Annotator "ChessBase"]
[PlyCount "73"]
[EventDate "2021.10.20"]
[EventType "tourn"]
[EventCountry "ENG"]
[SourceTitle "playchess.com"]
[Source "ChessBase"]
[SourceQuality "1"]
[TimeControl "5400+30"]

1. d4 {[%emt 0:00:05]} d5 {[%emt 0:00:14]} 2. Nf3 {[%emt 0:00:55]} Nf6 {[%emt 0:00:07]} 3. Bf4 {[%emt 0:00:59]} c5 {[%emt 0:00:28]} 4. e3 {[%emt 0:02:04]} Nc6 {[%emt 0:00:10]} 5. c3 {[%emt 0:00:39]} Bg4 {[%emt 0:00:13]} 6. Qb3 {[%emt 0:01:11]} Qc8 {[%emt 0:00:28]} 7. Ne5 {[%emt 0:00:50]} c4 {[%emt 0:00:55]} 8. Qa4 {[%emt 0:00:41]} Bd7 {[%emt 0:00:56]} 9. Nxd7 {[%emt 0:00:13]} Nxd7 {[%emt 0:04:18]} 10. Nd2 {[%emt 0:04:01]} a6 {[%emt 0:10:02]} 11. Be2 {[%emt 0:01:39]} Nf6 {[%emt 0:02:01]} 12. O-O {[%emt 0:02:17]} e6 {[%emt 0:01:36]} 13. Bf3 {[%emt 0:00:48]} Be7 {[%emt 0:02:19]} 14. e4 {[%emt 0:00:40]} O-O {[%emt 0:01:30]} 15. h3 {[%emt 0:01:53]} Re8 {[%emt 0:05:25]} 16. Rae1 {[%emt 0:02:43]} b5 {[%emt 0:03:10]} 17. Qc2 {[%emt 0:00:13]} Qd8 {[%emt 0:05:56]} 18. Re2 {[%emt 0:01:24]} Qa5 {[%emt 0:01:24]} 19. exd5 {[%emt 0:03:19]} Nxd5 {[%emt 0:02:22]} 20. Bxd5 {[%emt 0:00:27]} exd5 {[%emt 0:00:01]} 21. Rfe1 {[%emt 0:00:26]} Qd8 {[%emt 0:00:59]} 22. Qf5 {[%emt 0:02:07]} g6 {[%emt 0:01:53]} 23. Qg4 {[%emt 0:00:19]} h5 {[%emt 0:17:55]} 24. Qf3 {[%emt 0:00:40]} Qd7 {[%emt 0:00:16]} 25. Nf1 {[%emt 0:03:30]} Rad8 {[%emt 0:05:08]} 26. Bh6 {[%emt 0:10:22]} Qd6 {[%emt 0:15:34]} 27. g4 {[%emt 0:06:55]} hxg4 {[%emt 0:02:37]} 28. hxg4 {[%emt 0:00:06]} Qd7 {[%emt 0:07:05]} 29. Kg2 {[%emt 0:05:38]} f6 {[%emt 0:03:22]} 30. g5 {[%emt 0:04:22]} f5 {[%emt 0:01:08]} 31. Ng3 {[%emt 0:01:30]} Kf7 {[%emt 0:00:08]} 32. Nh5 {[%emt 0:00:48]} Rg8 {[%emt 0:03:09]} 33. Nf4 {[%emt 0:00:26]} Bf8 {[%emt 0:03:25]} 34. Re6 {[%emt 0:01:14]} Bxh6 {[%emt 0:00:31]} 35. Rf6+ {[%emt 0:00:39]} Kg7 {[%emt 0:00:01]} 36. Rxg6+ {[%emt 0:00:14]} Kf7 {[%emt 0:00:23]} 37. Rf6+ {[%emt 0:00:10]} 1-0

[Event "4NCL Hull GM 2021"]
[Site "Hull"]
[Date "2021.10.31"]
[Round "9.2"]
[White "Royal, Shreyas"]
[Black "Czopor, Maciej"]
[Result "0-1"]
[WhiteElo "2226"]
[BlackElo "2411"]
[Annotator "TA"]
[PlyCount "130"]
[EventDate "2021.10.20"]
[EventType "tourn"]
[EventCountry "ENG"]
[SourceTitle "playchess.com"]
[Source "ChessBase"]
[SourceQuality "1"]

{[%evp 22,130,1,8,7,0,8,0,0,0,0,0,0,0,6,6,14,12,13,0,43,-78,-78,-78,-78,-78,-78,-78,-71,-78,-78,-78,-78,-78,-78,-78,-78,-78,-78,-78,-78,-92,-78,-78,-78,-78,-78,-78,-78,-78,-78,-78,-78,-78,-78,-78,-78,-78,-78,-78,-78,-78,-78,-78,-78,-78,-78,-78,-78,-78,-78,-78,-78,-78,-78,-78,-78,-78,-78,-78,-78,-78,-78,-78,-78,-78,-78,-78,-37,-37,-37,-37,-37,-37,-37,-37,-37,-37,-37,-37,-37,-37,-37,-37,-37,-29985,-29986,-29986,-29987,-29987,-29988]} 1. d4 Nf6 2. c4 e6 3. Nf3 b6 4. g3 Bb7 5. Bg2 Be7 6. O-O O-O 7. Nc3 Ne4 8. Bd2 d5 9. cxd5 exd5 10. Bf4 Nd7 11. Rc1 Nxc3 12. Rxc3 c5 {E18: Queen's Indian: Old Main Line (4 g3 Bb7 5 Bg2 Be7 6 0-0 0-0 7 Nc3).} 13. Qa4 cxd4 14. Nxd4 Nc5 {The position is equal.} 15. Qc2 Bf6 {[#]} 16. Rd1 $146 ({Predecessor:} 16. Be3 Re8 17. Rd1 Qd7 18. b4 Ne6 19. Bf3 Rac8 20. Rxc8 Rxc8 21. Qb3 h6 22. a4 {½-½ (35) Frica,S (2275)-Thoma,O (2229) ICCF email 2017}) 16... a5 17. e4 Bxd4 ({But not} 17... Nxe4 $6 18. Bxe4 dxe4 19. Nb5 $16) 18. Rxd4 {[%cal Re4d5]} Ne6 19. Rd1 d4 {[#]} 20. Be5 $1 Re8 {[#]} (20... f6 21. Qb3) 21. Qa4 dxc3 $17 22. Rxd8 Raxd8 23. Bxc3 Nc5 $1 {[%csl LRa4,LRe4][%mdl 64] Double Attack} 24. Qc2 Bxe4 25. Bxe4 Nxe4 ({Reject} 25... Rxe4 $6 26. Bxa5 $1 bxa5 27. Qxc5 $11) 26. Qb3 Re6 27. Qc4 Nxc3 28. Qxc3 {[%mdl 4096] Endgame KQ-KRR} h6 29. b4 axb4 30. Qxb4 g6 31. h4 h5 32. a4 Rd5 33. Kg2 Rf5 34. Qc4 Kh7 35. Qd3 Ref6 36. f4 Re6 37. Qd7 Re2+ 38. Kf3 Ra2 39. Ke3 Ra3+ 40. Kf2 Rc3 41. Qb7 Rc4 42. Qxb6 Rxa4 43. Qc7 Ra8 44. Kg2 Kg8 45. Kh3 Ra3 46. Qb8+ Kh7 47. Qc7 Rb3 48. Qc4 Rbb5 (48... Re3 {keeps more tension.} 49. Qd4 Re2 50. Qd3 Rb2 51. Qd8 Rb7) 49. Qc7 Rbc5 50. Qd7 Rc3 51. Kg2 Re3 52. Kf2 Re6 53. Kf3 Kg7 54. Qd4+ Kf8 55. Qh8+ Ke7 56. Qb8 Rd6 57. Qb7+ Rd7 58. Qb4+ Ke8 59. Qb8+ Rd8 60. Qb2 Rd3+ 61. Kg2 {Black must now prevent Qe2+.} Rfd5 {Hoping for ...Rd2+.} 62. Qg7 Rb3 {And now ...Rd2+ would win.} 63. Kh2 $2 {[%mdl 8192] [#]} (63. Qh8+ $15 Ke7 64. Qc8) 63... Rd2+ $1 {Black mates.} 64. Kh3 {[#]} Rbb2 $1 {[%csl Gb2][%cal Rd2h2]} 65. Qe5+ Kd7 {[%csl Gb2][%cal Rd2h2] Weighted Error Value: White=0.21/Black=0.02} 0-1